A simple guide to IBM SPSS for version 23.0 / (Record no. 354930)
[ view plain ]
| 000 -LEADER | |
|---|---|
| fixed length control field | 00335nam a2200109Ia 4500 |
| 008 - FIXED-LENGTH DATA ELEMENTS--GENERAL INFORMATION | |
| fixed length control field | 180205s9999 xx 000 0 und d |
| 020 ## - INTERNATIONAL STANDARD BOOK NUMBER | |
| International Standard Book Number | 9781305877719 |
| 100 ## - MAIN ENTRY--PERSONAL NAME | |
| Personal name | Kirkpatrick, Lee A. |
| 245 ## - TITLE STATEMENT | |
| Statement of responsibility, etc | Feeney, Brooke C. |
| Title | A simple guide to IBM SPSS for version 23.0 / |
| 260 ## - PUBLICATION, DISTRIBUTION, ETC. (IMPRINT) | |
| Place of publication, distribution, etc | Canada : |
| Name of publisher, distributor, etc | Cencage learning |
| Date of publication, distribution, etc | 2016 |
| 300 ## - PHYSICAL DESCRIPTION | |
| Extent | v, 114 pages |
| Withdrawn status | Lost status | Damaged status | Home library | Current library | Shelving location | Date acquired | Source of acquisition | Total Checkouts | Total Renewals | Full call number | Barcode | Date last seen | Date checked out | Price effective from | Koha item type |
|---|---|---|---|---|---|---|---|---|---|---|---|---|---|---|---|
| College Library | College Library | Reserve Section | 02/05/2018 | Library Fund | 2 | 5 | HA 32 .K59 2016 | c21157 | 05/07/2019 | 04/06/2019 | 02/05/2018 | Books |